[Event "Southwest Class-ch 7th"]
[Site "Dallas"]
[Date "2016.02.12"]
[Round "2"]
[White "Mulyar, Michael A"]
[Black "Ragolta Franco, Eduardo"]
[Result "1-0"]
[WhiteElo "2408"]
[BlackElo "2167"]
[PlyCount "63"]
[EventDate "2016.02.11"]
[EventType "swiss"]
[EventRounds "9"]
[EventCountry "USA"]
[SourceTitle "EXT 2018"]
[Source "ChessBase"]
[SourceDate "2017.10.13"]
[SourceVersion "1"]
[SourceVersionDate "2017.10.13"]
[SourceQuality "1"]

1. d4 e6 2. Nf3 Nf6 3. c4 c5 4. Nc3 a6 5. g3 cxd4 6. Nxd4 Qc7 7. Bg2 Nc6 8. 0-0 d6 9. Bg5 Be7 10. Rc1 Ne5 11. Bxf6 Bxf6 12. c5 dxc5 13. Ne4 Nd7 14. Nxf6+ gxf6 15. Nb3 Rb8 16. Nxc5 Nxc5 17. Qd4 b6 18. b4 e5 19. Qe3 Be6 20. bxc5 b5 21. Rfd1 0-0 22. Qh6 Qe7 23. c6 Rfd8 24. Rxd8+ Rxd8 25. g4 Bxg4 26. c7 Rc8 27. Rc3 Rxc7 28. Rg3 f5 29. h3 Rc4 30. hxg4 fxg4 31. Bd5 Rd4 32. e4 1-0

[Event "Capablanca Memorial op-A 48th"]
[Site "Havana"]
[Date "2013.04.23"]
[Round "3"]
[White "Martin Del Campo C, Roberto Abel"]
[Black "Ragolta Franco, Eduardo"]
[Result "1-0"]
[WhiteElo "2400"]
[BlackElo "2301"]
[PlyCount "165"]
[EventDate "2013.04.21"]
[EventType "swiss"]
[EventRounds "10"]
[EventCountry "CUB"]
[SourceTitle "CBM 154 Extra"]
[Source "ChessBase"]
[SourceDate "2013.06.25"]
[SourceVersion "2"]
[SourceVersionDate "2013.06.25"]
[SourceQuality "1"]

1. e4 e6 2. d4 d5 3. Nd2 Nf6 4. Bd3 Be7 5. c3 dxe4 6. Nxe4 Bd7 7. Nf3 Bc6 8. Ng3 Bxf3 9. Qxf3 c6 10. Nh5 Nxh5 11. Qxh5 Qd5 12. Qg4 Bf6 13. 0-0 Nd7 14. Be3 Nb6 15. b3 Rd8 16. Rfd1 h5 17. Qh3 Qd6 18. Qf3 Nd5 19. Bd2 g5 20. Be4 g4 21. Qg3 Qxg3 22. hxg3 h4 23. gxh4 Rxh4 24. g3 Rh5 25. Rac1 Be7 26. Re1 Kd7 27. c4 Nf6 28. Bg2 Kc8 29. d5 Ba3 30. Bc3 Nxd5 31. cxd5 Bxc1 32. Rxc1 exd5 33. Bd4 Kd7 34. Bxa7 Ra8 35. Bc5 Rxa2 36. Re1 Kd8 37. Bb6+ Kd7 38. Bc5 Kd8 39. Bf1 Rd2 40. b4 Rh8 41. Be3 Ra2 42. Bb6+ Kd7 43. Bd3 Rh5 44. Bc5 Rd2 45. Re7+ Kd8 46. Re3 Kd7 47. Be2 f5 48. Re7+ Kd8 49. Re5 Rh7 50. Be3 Rb2 51. Bd3 Rxb4 52. Bxf5 Rh5 53. Bc5 Rb5 54. Bd6 d4 55. Rxb5 cxb5 56. Bxg4 Rd5 57. Bb4 d3 58. Kf1 Rd4 59. Ba5+ Ke7 60. f4 b4 61. Ke1 Kd6 62. Kd2 Kc5 63. Bc7 b3 64. Kc3 Rc4+ 65. Kxb3 b5 66. Be5 Rc1 67. f5 Kd5 68. Bf4 Rc8 69. Kb4 d2 70. Bf3+ Kd4 71. Bxd2 Ke5 72. g4 Rc4+ 73. Kxb5 Rc2 74. Bh6 Kf6 75. Be4 Rc8 76. Bd3 Rd8 77. Kc4 Rd7 78. Bd2 Ke5 79. g5 Rc7+ 80. Kb3 Rd7 81. Kc2 Rc7+ 82. Bc3+ Kf4 83. g6 1-0

[Event "Capablanca Memorial op-A 48th"]
[Site "Havana"]
[Date "2013.04.21"]
[Round "1"]
[White "Franco Alonso, Alejandro"]
[Black "Ragolta Franco, Eduardo"]
[Result "1-0"]
[WhiteElo "2504"]
[BlackElo "2301"]
[PlyCount "69"]
[EventDate "2013.04.21"]
[EventType "swiss"]
[EventRounds "10"]
[EventCountry "CUB"]
[SourceTitle "CBM 154 Extra"]
[Source "ChessBase"]
[SourceDate "2013.06.25"]
[SourceVersion "2"]
[SourceVersionDate "2013.06.25"]
[SourceQuality "1"]

1. c4 e5 2. g3 Nc6 3. Bg2 f5 4. Nc3 Nf6 5. d3 d6 6. Rb1 a5 7. a3 Be7 8. b4 axb4 9. axb4 0-0 10. b5 Nd4 11. e3 Ne6 12. Nge2 g5 13. f4 Qe8 14. 0-0 Qh5 15. h3 Nc5 16. Bb2 e4 17. dxe4 fxe4 18. fxg5 Qxg5 19. Nf4 c6 20. Kh2 Bd7 21. Qd4 Bf5 22. Rf2 Nb3 23. Qd1 Nc5 24. Nce2 Qh6 25. Kg1 Nd3 26. Rf1 Ra2 27. Qb3 Rxb2 28. Rxb2 Nxb2 29. Qxb2 Nd7 30. bxc6 bxc6 31. Qb7 d5 32. Nd4 Bc5 33. Nxf5 Rxf5 34. Qxd7 Bxe3+ 35. Kh2 1-0

[Event "Capablanca Memorial op-B 45th"]
[Site "Havana"]
[Date "2011.05.11"]
[Round "1"]
[White "Ragolta Franco, Eduardo"]
[Black "Gates, David"]
[Result "1-0"]
[WhiteElo "2247"]
[BlackElo "1706"]
[PlyCount "43"]
[EventDate "2011.05.11"]
[EventType "swiss"]
[EventRounds "7"]
[EventCountry "CUB"]
[SourceTitle "CBM 142 Extra"]
[Source "ChessBase"]
[SourceDate "2011.06.27"]
[SourceVersion "1"]
[SourceVersionDate "2011.06.27"]
[SourceQuality "1"]

1. d4 d5 2. Nf3 c6 3. c4 Nf6 4. Nc3 a6 5. a4 a5 6. Bf4 Bf5 7. Qb3 Na6 8. Qxb7 Nb4 9. Rc1 dxc4 10. e4 Be6 11. Ng5 Ra6 12. Bc7 Qa8 13. Qxa8+ Rxa8 14. Nxe6 fxe6 15. Bxc4 g6 16. 0-0 Kf7 17. f4 h5 18. f5 gxf5 19. exf5 Nfd5 20. fxe6+ Kxe6 21. Nxd5 cxd5 22. Bb5 1-0

[Event "Havana UCI op 9th"]
[Site "Havana"]
[Date "2010.11.15"]
[Round "5"]
[White "Charon Mustelier, Manuel"]
[Black "Ragolta Franco, Eduardo"]
[Result "1/2-1/2"]
[WhiteElo "2198"]
[BlackElo "2192"]
[PlyCount "70"]
[EventDate "2010.11.08"]
[EventType "swiss"]
[EventRounds "9"]
[EventCountry "CUB"]
[SourceTitle "CBM 139 Extra"]
[Source "ChessBase"]
[SourceDate "2011.01.05"]
[SourceVersion "1"]
[SourceVersionDate "2011.01.05"]
[SourceQuality "1"]

1. Nf3 d5 2. d4 c6 3. c4 Nf6 4. e3 g6 5. Nc3 Bg7 6. Qb3 0-0 7. Be2 b6 8. cxd5 cxd5 9. 0-0 Nc6 10. Bd2 Bb7 11. Rac1 e6 12. Qa3 Re8 13. Bb5 a6 14. Bxc6 Bxc6 15. Ne5 Bb7 16. Qb3 Ne4 17. Nxe4 dxe4 18. Nc6 Qd5 19. Qxb6 Bxc6 20. Qxc6 Qxa2 21. Rc2 Qd5 22. Qxd5 exd5 23. Rc5 Red8 24. Ra1 Bf8 25. Rca5 Rd6 26. Bb4 Rb6 27. Bxf8 Kxf8 28. g4 Rxb2 29. Rxa6 Rxa6 30. Rxa6 Ke7 31. g5 h5 32. gxh6 Rb8 33. Kg2 Rh8 34. f4 exf3+ 35. Kxf3 Rxh6 1/2-1/2

[Event "Havana UCI op 9th"]
[Site "Havana"]
[Date "2010.11.09"]
[Round "1"]
[White "Ragolta Franco, Eduardo"]
[Black "Rey Rodriguez, Yoanky"]
[Result "1-0"]
[WhiteElo "2192"]
[BlackElo "2018"]
[PlyCount "57"]
[EventDate "2010.11.08"]
[EventType "swiss"]
[EventRounds "9"]
[EventCountry "CUB"]
[SourceTitle "CBM 139 Extra"]
[Source "ChessBase"]
[SourceDate "2011.01.05"]
[SourceVersion "1"]
[SourceVersionDate "2011.01.05"]
[SourceQuality "1"]

1. d4 d5 2. Nf3 Nf6 3. c4 e6 4. Nc3 Be7 5. Bf4 c6 6. e3 Nbd7 7. c5 Qa5 8. Bd3 b6 9. cxb6 axb6 10. 0-0 0-0 11. Ne5 Nxe5 12. Bxe5 Ba6 13. a3 Bxd3 14. Qxd3 Rfc8 15. b4 Qa7 16. Rfc1 Ne8 17. h3 Nd6 18. Bxd6 Bxd6 19. e4 f6 20. exd5 exd5 21. Qf5 Qf7 22. Re1 Re8 23. Rxe8+ Rxe8 24. b5 g6 25. Qf3 Qe6 26. Rf1 Bxa3 27. bxc6 Qxc6 28. Nxd5 Be7 29. Nxe7+ 1-0

[Event "Cienfuegos Rodriguez Memorial"]
[Site "Cienfuegos"]
[Date "2010.11.06"]
[Round "9"]
[White "Marrero Fernandez, Ahmed"]
[Black "Ragolta Franco, Eduardo"]
[Result "0-1"]
[WhiteElo "2115"]
[BlackElo "2194"]
[PlyCount "118"]
[EventDate "2010.11.02"]
[EventType "tourn"]
[EventRounds "10"]
[EventCountry "CUB"]
[SourceTitle "EXT 2024"]
[Source "ChessBase"]
[SourceDate "2023.10.10"]
[SourceVersion "1"]
[SourceVersionDate "2023.10.10"]
[SourceQuality "1"]

1. e4 g6 2. d4 Bg7 3. Nc3 c6 4. Nf3 d5 5. exd5 cxd5 6. Bb5+ Nc6 7. Ne5 Bd7 8. Nxd7 Qxd7 9. 0-0 a6 10. Ba4 e6 11. Ne2 b5 12. Bb3 Na5 13. c3 Nxb3 14. Qxb3 Ne7 15. a4 0-0 16. a5 Nc6 17. Bf4 b4 18. Rfd1 bxc3 19. bxc3 Na7 20. Nc1 Qb5 21. Bd6 Rfc8 22. Bc5 Bf8 23. Bxf8 Rxf8 24. Qa3 Qc4 25. Nd3 Nb5 26. Qe7 Ra7 27. Qf6 Nxc3 28. Ne5 Ne4 29. Qf4 Qe2 30. Ng4 f5 31. Ne5 g5 32. Qf3 Qxf3 33. gxf3 Nc3 34. Rd2 Rc8 35. Re1 Nb5 36. Kg2 Rc3 37. Re3 Rxe3 38. fxe3 Rc7 39. Nd3 Rc3 40. Kf2 f4 41. exf4 Nxd4 42. fxg5 Nb3 43. Rd1 Nxa5 44. Nf4 Rc2+ 45. Kg3 Rc6 46. Re1 Kf7 47. h4 Nc4 48. h5 a5 49. g6+ hxg6 50. hxg6+ Kf6 51. g7 Kxg7 52. Nxe6+ Kf6 53. Nd4 Rb6 54. f4 a4 55. Rd1 Rb2 56. Re1 Rd2 57. Nf3 Rd3 58. Kg4 Ne3+ 59. Kg3 Nc2 0-1

[Event "Cienfuegos Rodriguez Memorial"]
[Site "Cienfuegos"]
[Date "2010.11.03"]
[Round "5"]
[White "Gil Alba, Hector Luis"]
[Black "Ragolta Franco, Eduardo"]
[Result "1-0"]
[WhiteElo "2248"]
[BlackElo "2194"]
[PlyCount "141"]
[EventDate "2010.11.02"]
[EventType "tourn"]
[EventRounds "10"]
[EventCountry "CUB"]
[SourceTitle "EXT 2024"]
[Source "ChessBase"]
[SourceDate "2023.10.10"]
[SourceVersion "1"]
[SourceVersionDate "2023.10.10"]
[SourceQuality "1"]

1. c4 e5 2. Nc3 Nc6 3. g3 g6 4. Bg2 Bg7 5. e3 d6 6. Nge2 h5 7. h4 Bg4 8. Nd5 Nge7 9. f3 Be6 10. e4 Qd7 11. d3 f6 12. Be3 Nd8 13. d4 c6 14. Nxe7 Qxe7 15. Rc1 c5 16. dxc5 dxc5 17. Nc3 b6 18. Nd5 Qd7 19. 0-0 0-0 20. f4 Bg4 21. Bf3 Bh6 22. Qd2 Nc6 23. Bg2 Kg7 24. Kh2 exf4 25. gxf4 Rae8 26. Qc3 Nb4 27. Qd2 Qd8 28. Nxb4 cxb4 29. Qf2 Qd3 30. c5 bxc5 31. Bxc5 Rf7 32. Bxb4 Rd7 33. Rce1 Rc8 34. Re3 Qb5 35. Bc3 Be6 36. Rg3 Qb8 37. f5 Rxc3 38. bxc3 Bc4 39. Kh1 Bxf1 40. Rxg6+ Kh7 41. Bxf1 Qe5 42. Qf3 Rb7 43. Rg1 Rb2 44. Bg2 Qe8 45. Qg3 Rxa2 46. e5 fxe5 47. f6 Ra4 48. Bf3 Rf4 49. Bd5 Rxf6 50. Qd3+ e4 51. Qd4 Qe7 52. Bxe4+ Kh8 53. Rg5 Qe6 54. Rf5 Bg7 55. Qd8+ Qg8 56. Rxh5+ Rh6 57. Qg5 Qe6 58. Qd8+ Qg8 59. Rxh6+ Bxh6 60. Qf6+ Qg7 61. Qf5 Qe7 62. Kg2 a5 63. Qc8+ Bf8 64. Qf5 Bh6 65. Qd5 Qg7+ 66. Kh1 Be3 67. Qh5+ Qh6 68. Qe8+ Kg7 69. Qe7+ Kh8 70. Bd5 Bb6 71. Qe8+ 1-0

[Event "Havana Province-ch final"]
[Site "Havana"]
[Date "2010.10.21"]
[Round "4"]
[White "Perez Grinan, Pedro Ernesto"]
[Black "Ragolta Franco, Eduardo"]
[Result "0-1"]
[WhiteElo "1914"]
[BlackElo "2194"]
[PlyCount "46"]
[EventDate "2010.10.18"]
[EventType "tourn"]
[EventRounds "11"]
[EventCountry "CUB"]
[SourceTitle "EXT 2019"]
[Source "ChessBase"]
[SourceDate "2018.10.10"]
[SourceVersion "1"]
[SourceVersionDate "2018.10.10"]
[SourceQuality "1"]

1. Nf3 Nf6 2. Nc3 d5 3. e3 Bf5 4. d4 e6 5. Bd3 Bg6 6. 0-0 c5 7. Ne5 Nc6 8. Bb5 Qc7 9. Ne2 a6 10. Bxc6+ bxc6 11. c4 Nd7 12. Nxd7 Qxd7 13. dxc5 Bxc5 14. cxd5 cxd5 15. Nf4 Be4 16. Nh5 0-0 17. b4 Bd6 18. Qg4 Be5 19. Ba3 Qb5 20. Nxg7 Bxg7 21. Bb2 Bg6 22. Bxg7 Kxg7 23. h4 Qc4 0-1

[Event "Havana Province-ch sf Fase 1"]
[Site "Havana"]
[Date "2010.05.17"]
[Round "9"]
[White "Leon Valdes, Jony Wilson"]
[Black "Ragolta Franco, Eduardo"]
[Result "0-1"]
[WhiteElo "2128"]
[BlackElo "2189"]
[PlyCount "120"]
[EventDate "2010.05.05"]
[EventType "swiss"]
[EventRounds "9"]
[EventCountry "CUB"]
[EventCategory "1"]
[SourceTitle "EXT 2019"]
[Source "ChessBase"]
[SourceDate "2018.10.10"]
[SourceVersion "1"]
[SourceVersionDate "2018.10.10"]
[SourceQuality "1"]

1. d4 Nf6 2. c4 c5 3. e3 e6 4. Nf3 cxd4 5. exd4 d5 6. Nc3 Bb4 7. Bg5 h6 8. Bxf6 Qxf6 9. cxd5 exd5 10. Bb5+ Nc6 11. 0-0 Bxc3 12. Qe2+ Kf8 13. Bxc6 bxc6 14. bxc3 Bg4 15. Qe5 Bxf3 16. Qxf6 gxf6 17. gxf3 Rg8+ 18. Kh1 Rb8 19. Rab1 Ke7 20. Rb3 Rxb3 21. axb3 a5 22. Ra1 Rb8 23. Rxa5 Rxb3 24. Rc5 Kd6 25. Kg2 Ra3 26. Kg3 Ra2 27. h4 h5 28. Kg2 Ra1 29. Kh2 Ra2 30. Kg2 f5 31. Kg3 f6 32. Kf4 Rxf2 33. Ra5 Rh2 34. Ra8 Rxh4+ 35. Kxf5 Rh3 36. Kf4 Rh1 37. Rf8 Rc1 38. Rxf6+ Kc7 39. Kg5 Rxc3 40. Kxh5 Rd3 41. Rf4 Kb6 42. Kg5 Kb5 43. Kf6 Re3 44. Kf5 Kc4 45. Kf6 Kd3 46. Kf5 Kd2 47. Kg4 Rd3 48. Kg3 Ke3 49. Rf6 Rc3 50. Re6+ Kxd4 51. Kg4 c5 52. Re1 c4 53. f4 Ra3 54. f5 c3 55. f6 Ra8 56. Kf5 c2 57. f7 Rf8 58. Ke6 Kc4 59. Rc1 Kc3 60. Kxd5 Rxf7 0-1

[Event "Havana Province-ch sf Fase 1"]
[Site "Havana"]
[Date "2010.05.15"]
[Round "7"]
[White "Vitier Vazquez, Cristian"]
[Black "Ragolta Franco, Eduardo"]
[Result "1/2-1/2"]
[WhiteElo "2097"]
[BlackElo "2189"]
[PlyCount "98"]
[EventDate "2010.05.05"]
[EventType "swiss"]
[EventRounds "9"]
[EventCountry "CUB"]
[EventCategory "1"]
[SourceTitle "EXT 2019"]
[Source "ChessBase"]
[SourceDate "2018.10.10"]
[SourceVersion "1"]
[SourceVersionDate "2018.10.10"]
[SourceQuality "1"]

1. e4 e6 2. d4 d5 3. Nc3 Bb4 4. e5 c5 5. a3 Bxc3+ 6. bxc3 Qa5 7. Bd2 Qa4 8. h4 Ne7 9. Nf3 c4 10. h5 h6 11. Nh4 Nbc6 12. Rh3 Bd7 13. Rg3 Rg8 14. Rf3 Nf5 15. Nxf5 exf5 16. Be2 0-0-0 17. g4 Ne7 18. g5 hxg5 19. Bxg5 Rde8 20. Rg3 Nc6 21. Bf4 Nd8 22. Be3 Ne6 23. f4 Qa5 24. Qd2 g6 25. Kf2 gxh5 26. Rh3 h4 27. Rxh4 Rh8 28. Rah1 Rxh4 29. Rxh4 Qxa3 30. Rh7 Qe7 31. Bf3 Nc7 32. Qc1 Rg8 33. Qa1 Kb8 34. Bc1 Be6 35. Ba3 Qd8 36. Bd6 Ka8 37. Qa5 Kb8 38. Bxd5 b6 39. Bxc7+ Qxc7 40. Qb5 a6 41. Qc6 Qxc6 42. Bxc6 Rd8 43. Ke3 a5 44. Kd2 Kc7 45. Bf3 b5 46. Kc1 b4 47. d5 Rxd5 48. Bxd5 Bxd5 49. Kd2 Kc6 1/2-1/2

[Event "Havana Province-ch sf Fase 1"]
[Site "Havana"]
[Date "2010.05.08"]
[Round "3"]
[White "Fuentes Garcia, Diosbel Enrique"]
[Black "Ragolta Franco, Eduardo"]
[Result "0-1"]
[WhiteElo "2128"]
[BlackElo "2189"]
[PlyCount "40"]
[EventDate "2010.05.05"]
[EventType "swiss"]
[EventRounds "9"]
[EventCountry "CUB"]
[EventCategory "1"]
[SourceTitle "EXT 2019"]
[Source "ChessBase"]
[SourceDate "2018.10.10"]
[SourceVersion "1"]
[SourceVersionDate "2018.10.10"]
[SourceQuality "1"]

1. d4 Nf6 2. c4 c5 3. d5 e6 4. dxe6 fxe6 5. Nc3 d5 6. cxd5 exd5 7. Bg5 d4 8. Ne4 Qa5+ 9. Bd2 Qb6 10. Nxf6+ Qxf6 11. g3 Bd6 12. Qb3 Qe6 13. Qxe6+ Bxe6 14. Bg2 Nc6 15. Nf3 b6 16. e3 0-0 17. exd4 Bd5 18. Nh4 Bxg2 19. Nxg2 Nxd4 20. Rc1 Nf3+ 0-1

[Event "Havana Province-ch sf Fase 1"]
[Site "Havana"]
[Date "2010.05.07"]
[Round "2"]
[White "Ragolta Franco, Eduardo"]
[Black "Hernandez Barreras, Yerandy Jose"]
[Result "1/2-1/2"]
[WhiteElo "2189"]
[BlackElo "2148"]
[PlyCount "48"]
[EventDate "2010.05.05"]
[EventType "swiss"]
[EventRounds "9"]
[EventCountry "CUB"]
[EventCategory "1"]
[SourceTitle "EXT 2019"]
[Source "ChessBase"]
[SourceDate "2018.10.10"]
[SourceVersion "1"]
[SourceVersionDate "2018.10.10"]
[SourceQuality "1"]

1. d4 Nf6 2. c4 c5 3. d5 d6 4. Nc3 e6 5. e4 exd5 6. exd5 Bf5 7. Bd3 Bg6 8. Nge2 Be7 9. 0-0 0-0 10. Ng3 Nbd7 11. f4 Bxd3 12. Qxd3 Re8 13. Bd2 a6 14. Rae1 Qc7 15. Re2 Bf8 16. Rfe1 Rxe2 17. Rxe2 Re8 18. Rxe8 Nxe8 19. Nce4 Nef6 20. Bc3 Qc8 21. Nf5 Nxe4 22. Qxe4 g6 23. Qe1 h5 24. Ng3 Qc7 1/2-1/2

[Event "Maria Teresa Mora Memorial IM2"]
[Site "Havana"]
[Date "2010.03.14"]
[Round "10"]
[White "Ragolta Franco, Eduardo"]
[Black "Leon Valdes, Jony Wilson"]
[Result "0-1"]
[WhiteElo "2175"]
[BlackElo "2143"]
[PlyCount "84"]
[EventDate "2010.03.05"]
[EventType "tourn"]
[EventRounds "13"]
[EventCountry "CUB"]
[SourceTitle "EXT 2019"]
[Source "ChessBase"]
[SourceDate "2018.10.10"]
[SourceVersion "1"]
[SourceVersionDate "2018.10.10"]
[SourceQuality "1"]

1. d4 d5 2. c4 e6 3. Nf3 f5 4. g3 Nf6 5. Bg2 c6 6. 0-0 Bd6 7. b3 0-0 8. Ba3 Bxa3 9. Nxa3 Qe7 10. Nc2 Nbd7 11. Qc1 b6 12. Qa3 Qxa3 13. Nxa3 Ba6 14. Rac1 Rac8 15. Rc2 Kf7 16. Rfc1 Ke7 17. e3 Ne4 18. Bf1 Bb7 19. cxd5 cxd5 20. Rc7 a6 21. Ne5 Nef6 22. R1c2 Rb8 23. Nc6+ Bxc6 24. R2xc6 Ra8 25. Nc2 Rfd8 26. Rxb6 Ne8 27. Rxd7+ Kxd7 28. Nb4 Nc7 29. Nc6 Rdc8 30. a4 Ke8 31. b4 g6 32. Bd3 Kf8 33. Kf1 Kg7 34. Rb7 Kf8 35. Rb6 Kg7 36. Ke2 g5 37. Rb7 Kf8 38. Rb6 Kg7 39. Rb7 Kf8 40. Kd2 Ne8 41. Rb6 Nc7 42. Ke2 Kg7 0-1

[Event "Maria Teresa Mora Memorial IM2"]
[Site "Havana"]
[Date "2010.03.12"]
[Round "8"]
[White "Ragolta Franco, Eduardo"]
[Black "Madrazo Ponciano, Yandiel"]
[Result "1/2-1/2"]
[WhiteElo "2175"]
[BlackElo "2115"]
[PlyCount "64"]
[EventDate "2010.03.05"]
[EventType "tourn"]
[EventRounds "13"]
[EventCountry "CUB"]
[SourceTitle "EXT 2019"]
[Source "ChessBase"]
[SourceDate "2018.10.10"]
[SourceVersion "1"]
[SourceVersionDate "2018.10.10"]
[SourceQuality "1"]

1. d4 d5 2. c4 c6 3. Nf3 Nf6 4. Nc3 e6 5. e3 Bd6 6. Be2 Nbd7 7. 0-0 0-0 8. Qc2 dxc4 9. Bxc4 e5 10. Rd1 Qe7 11. Be2 Re8 12. Ne4 Nxe4 13. Qxe4 Nf6 14. Qc2 e4 15. Nd2 Bg4 16. Nf1 Bxe2 17. Qxe2 Nd5 18. g3 f5 19. b4 Kh8 20. Bd2 a6 21. Rac1 g5 22. Bc3 f4 23. Nd2 Qf7 24. Qg4 Qg7 25. Nc4 h5 26. Qd7 Bc7 27. Ne5 Bxe5 28. dxe5 Red8 29. Rxd5 Rxd7 30. Rxd7 Qf6 31. Rcd1 f3 32. R1d6 Qf5 1/2-1/2

[Event "Havana UCI op 8th"]
[Site "Havana"]
[Date "2009.11.05"]
[Round "2"]
[White "Ragolta Franco, Eduardo"]
[Black "Reyes Quesada, Yunior"]
[Result "1-0"]
[WhiteElo "2268"]
[BlackElo "2094"]
[PlyCount "59"]
[EventDate "2009.11.04"]
[EventType "swiss"]
[EventRounds "9"]
[EventCountry "CUB"]
[SourceTitle "EXT 2011"]
[Source "ChessBase"]
[SourceDate "2010.11.26"]
[SourceVersion "1"]
[SourceVersionDate "2010.11.26"]
[SourceQuality "1"]

1. d4 d5 2. Nf3 Nf6 3. c4 e6 4. Nc3 c6 5. e3 Bb4 6. Bd2 Nbd7 7. Bd3 dxc4 8. Bxc4 b5 9. Be2 Bb7 10. 0-0 Bd6 11. a3 Qe7 12. e4 e5 13. Bg5 a6 14. dxe5 Bxe5 15. Nxe5 Qxe5 16. f4 Qc5+ 17. Kh1 0-0 18. Rc1 Qa7 19. e5 Nd5 20. Nxd5 cxd5 21. Bf3 Nc5 22. Bxd5 Bxd5 23. Qxd5 Ne6 24. Bh4 Rac8 25. Rxc8 Rxc8 26. f5 Nf8 27. e6 fxe6 28. fxe6 Qc5 29. Qxc5 Rxc5 30. e7 1-0

[Event "Isla de la Juventud-ch"]
[Site "Nueva Gerona"]
[Date "2009.11.02"]
[Round "17"]
[White "Gonzalez Vega, Alejandro"]
[Black "Ragolta Franco, Eduardo"]
[Result "0-1"]
[WhiteElo "2283"]
[BlackElo "2268"]
[PlyCount "149"]
[EventDate "2009.10.25"]
[EventType "tourn"]
[EventRounds "18"]
[EventCountry "CUB"]
[SourceTitle "EXT 2019"]
[Source "ChessBase"]
[SourceDate "2018.10.10"]
[SourceVersion "1"]
[SourceVersionDate "2018.10.10"]
[SourceQuality "1"]

1. Nf3 Nf6 2. d4 d5 3. Bf4 e6 4. c4 dxc4 5. Qa4+ Nbd7 6. Qxc4 Bd6 7. Bxd6 cxd6 8. e3 Nb6 9. Qb3 Bd7 10. Nc3 Bc6 11. Be2 Nbd5 12. Rc1 Nxc3 13. bxc3 0-0 14. 0-0 Rc8 15. c4 Ne4 16. Bd3 b6 17. d5 Nc5 18. Bxh7+ Kxh7 19. Qc2+ f5 20. dxc6 Rxc6 21. e4 Qf6 22. h3 Nxe4 23. Qd3 Rfc8 24. Nd4 R6c7 25. Nb5 Rd7 26. Rcd1 a6 27. Nd4 Rdc7 28. Kh1 Rxc4 29. Ne2 d5 30. f3 Nc5 31. Qd2 d4 32. Nf4 e5 33. Nd5 Qe6 34. Qg5 Rc2 35. Rfe1 e4 36. Rxd4 Rxa2 37. Qh5+ Kg8 38. Qxf5 Qxf5 39. Ne7+ Kh7 40. Nxf5 a5 41. fxe4 a4 42. Kh2 b5 43. Kg3 g6 44. Nd6 Ne6 45. Nxc8 Nxd4 46. Kf4 Rxg2 47. Rd1 g5+ 48. Ke5 Nf3+ 49. Kd5 b4 50. Rf1 Rg3 51. Ra1 a3 52. Kc4 Nd2+ 53. Kxb4 Rb3+ 54. Ka4 Rxh3 55. Rxa3 Rxa3+ 56. Kxa3 g4 57. e5 Nc4+ 58. Kb4 Nxe5 59. Nd6 g3 60. Ne4 g2 61. Ng5+ Kg6 62. Nh3 Kf5 63. Kc5 Nf3 64. Kd5 Kg4 65. Nf2+ Kf5 66. Nh3 Ne5 67. Kc5 Kg4 68. Ng1 Kf4 69. Nh3+ Kg3 70. Ng1 Kf2 71. Nh3+ Kf1 72. Kd5 Nd3 73. Kc4 Nf2 74. Nf4 g1Q 75. Ne6 0-1

[Event "Isla de la Juventud-ch"]
[Site "Nueva Gerona"]
[Date "2009.10.31"]
[Round "13"]
[White "Ragolta Franco, Eduardo"]
[Black "Martinez Avila, Yaima"]
[Result "1-0"]
[WhiteElo "2268"]
[BlackElo "2029"]
[PlyCount "72"]
[EventDate "2009.10.25"]
[EventType "tourn"]
[EventRounds "18"]
[EventCountry "CUB"]
[SourceTitle "EXT 2019"]
[Source "ChessBase"]
[SourceDate "2018.10.10"]
[SourceVersion "1"]
[SourceVersionDate "2018.10.10"]
[SourceQuality "1"]

1. e4 c5 2. Nc3 Nc6 3. Nf3 Nf6 4. Be2 d5 5. exd5 Nxd5 6. 0-0 e6 7. d4 Nxc3 8. bxc3 Be7 9. Qd3 0-0 10. h3 Qd5 11. Rd1 Re8 12. Bf4 cxd4 13. cxd4 Nb4 14. Qd2 Qf5 15. c4 Bd7 16. a3 Nc6 17. d5 exd5 18. cxd5 Nd8 19. Ne5 Bg5 20. Bxg5 Qxe5 21. Re1 Qd6 22. Bf4 Qc5 23. Rec1 Qe7 24. Bf3 Qf6 25. Re1 Rxe1+ 26. Rxe1 h6 27. Bg4 Bxg4 28. Re8+ Kh7 29. hxg4 Rc8 30. d6 Rc5 31. Qd3+ g6 32. Be3 Re5 33. Bd4 Qxf2+ 34. Kxf2 Rxe8 35. d7 Re6 36. Bxa7 Rf6+ 1-0

[Event "Isla de la Juventud-ch"]
[Site "Nueva Gerona"]
[Date "2009.10.30"]
[Round "11"]
[White "Ragolta Franco, Eduardo"]
[Black "Lopez Samon, Yurima"]
[Result "1-0"]
[WhiteElo "2268"]
[BlackElo "2066"]
[PlyCount "115"]
[EventDate "2009.10.25"]
[EventType "tourn"]
[EventRounds "18"]
[EventCountry "CUB"]
[SourceTitle "EXT 2019"]
[Source "ChessBase"]
[SourceDate "2018.10.10"]
[SourceVersion "1"]
[SourceVersionDate "2018.10.10"]
[SourceQuality "1"]

1. e4 d5 2. exd5 Qxd5 3. Nf3 Bg4 4. Be2 Nc6 5. d4 0-0-0 6. Be3 Bxf3 7. Bxf3 Qb5 8. Nc3 Qxb2 9. Ne2 Ne5 10. Be4 c6 11. Rb1 Qa3 12. Rb3 Qxa2 13. 0-0 Nf6 14. Nc3 Qa6 15. Qa1 Qxa1 16. Rxa1 Nc4 17. Rxa7 Nxe4 18. Nxe4 b6 19. Rb4 b5 20. Rb1 e5 21. dxe5 Rd5 22. Ng5 Nxe3 23. Nxf7 Kb8 24. Ra2 Nd1 25. c4 Rd3 26. Rba1 Rg8 27. Ra8+ Kc7 28. Ng5 bxc4 29. Ne6+ Kd7 30. Nf4 c5 31. Nxd3 cxd3 32. Rxd1 c4 33. Ra4 Ke6 34. Rxc4 Be7 35. Rxd3 Kxe5 36. f4+ Kf5 37. Kf2 Kg4 38. h3+ Kh4 39. Kf3 Rb8 40. Rc7 Bf8 41. Rcd7 Rb2 42. f5 Rb5 43. Rf7 Rb8 44. f6 gxf6 45. Rd5 Rb3+ 46. Kf2 Rb2+ 47. Kg1 Kg3 48. Rd3+ Kh4 49. Rxf8 Rb6 50. Rf7 Kg5 51. Rxh7 f5 52. Kf2 Kg6 53. Rh8 Rb2+ 54. Kf3 Rb6 55. Rg8+ Kf7 56. Rgd8 Rb1 57. Kf4 Rb2 58. R8d7+ 1-0

[Event "Isla de la Juventud-ch"]
[Site "Nueva Gerona"]
[Date "2009.10.28"]
[Round "7"]
[White "Ragolta Franco, Eduardo"]
[Black "Bezanilla Sanchez, Alexis"]
[Result "0-1"]
[WhiteElo "2268"]
[BlackElo "2301"]
[PlyCount "90"]
[EventDate "2009.10.25"]
[EventType "tourn"]
[EventRounds "18"]
[EventCountry "CUB"]
[SourceTitle "EXT 2019"]
[Source "ChessBase"]
[SourceDate "2018.10.10"]
[SourceVersion "1"]
[SourceVersionDate "2018.10.10"]
[SourceQuality "1"]

1. d4 Nf6 2. Nf3 c5 3. d5 g6 4. c4 Bg7 5. Nc3 Qa5 6. Bd2 d6 7. Nb5 Qd8 8. Bc3 0-0 9. Qb3 a6 10. Bxf6 Bxf6 11. Nc3 Qa5 12. e3 b6 13. Be2 Bg4 14. 0-0 Bg7 15. Ng5 Bxe2 16. Nxe2 Nd7 17. Rfd1 b5 18. cxb5 Qxb5 19. Nc3 Qxb3 20. axb3 Rfb8 21. Ra3 c4 22. bxc4 Rxb2 23. Nb5 Nc5 24. Nd4 a5 25. Nc6 Bf6 26. Nf3 a4 27. Nfd4 Kf8 28. Rc1 Ke8 29. Nb5 Kd7 30. Ncd4 Bxd4 31. Nxd4 e5 32. Nc6 Nb3 33. Re1 Nd2 34. c5 dxc5 35. Nxe5+ Kd6 36. Nxf7+ Kxd5 37. Rd3+ Ke6 38. Ng5+ Ke7 39. Rd5 a3 40. Re5+ Kd7 41. Ne4 Nxe4 42. Rxe4 a2 43. Rd1+ Kc6 44. Re6+ Kb5 45. Re7 a1Q 0-1